000 00447nam a2200181Ia 4500
001 2050
005 20260306143813.0
008 260306t2016||||xx |||||||||||||| ||spa||
041 _aESP
082 _a611.8
_bE77
100 _aEscobar, Martha I.
_eAUT
245 0 _aSistema nervioso:
_bneuroanatomía funcional y clínica
260 _c2016
300 _a508 páginas :
_c28 cm.
650 _aGEN
654 _aCPS
942 _cLIB
_dJUS
_fJUS
_2ddc
_n
999 _c2050
_d2050